LEADER 02063nam 2200445Ia 450 001 996394199003316 005 20221107143401.0 035 $a(CKB)4940000000119521 035 $a(EEBO)2264221073 035 $a(OCoLC)9922876400971 035 $a(EXLCZ)994940000000119521 100 $a20040304d1620 uy 0 101 0 $aeng 135 $aurbn||||a|bb| 200 10$aBy the King$b[electronic resource] $eA proclamation for restraint of killing, dressing, and eating of flesh in Lent or on fish dayes, appointed by the law, to be hereafter strictly obserued by all sorts of people. 210 $aImprinted at London $cby Robert Barker, and Iohn Bill Printers to the Kings most Excellent Maiestie.$dM.DC.XX. [1620] 215 $a3 leaves 300 $aRoyal arms with initials "I R" at head of first sheet; initial. 300 $aImprint from colophon. 300 $aSheet 1 has last indented line to right of init. "ther...inuete-/". 300 $a"Giuen at Our Palace of Westminster the thirtieth day of Ianuary, in the eighteenth yeere of Our Reigne of England, France and Ireland, and of Scotland the foure and fiftieth." 300 $aReproduction of original in: University of London. Library. 330 $aeebo-0169 606 $aLent$xLaw and legislation$zEngland$vEarly works to 1800 606 $aFasts and feasts$xChurch of England$vEarly works to 1800 606 $aFasts and feasts$zEngland$vEarly works to 1800 606 $aMeat industry and trade$xLaw and legislation$zGreat Britain$vEarly works to 1800 607 $aGreat Britain$xHistory$yJames I, 1603-1625$vSources 608 $aBroadsides$zEngland$zLondon$y17th century.$2rbgenr 615 0$aLent$xLaw and legislation 615 0$aFasts and feasts$xChurch of England 615 0$aFasts and feasts 615 0$aMeat industry and trade$xLaw and legislation 701 $aJames$cKing of England,$f1566-1625.$01001019 801 0$bEBK 801 1$bEBK 906 $aBOOK 912 $a996394199003316 996 $aBy the King$92299281 997 $aUNISA LEADER 02079nam 2200493z- 450 001 9910557254503321 005 20211118 035 $a(CKB)5400000000041412 035 $a(oapen)https://directory.doabooks.org/handle/20.500.12854/73770 035 $a(oapen)doab73770 035 $a(EXLCZ)995400000000041412 100 $a20202111d2020 |y 0 101 0 $aeng 135 $aurmn|---annan 181 $ctxt$2rdacontent 182 $cc$2rdamedia 183 $acr$2rdacarrier 200 00$aThe Role of Light in Abiotic Stress Acclimation 210 $cFrontiers Media SA$d2020 215 $a1 online resource (118 p.) 311 08$a2-88963-628-3 330 $aThis eBook is a collection of articles from a Frontiers Research Topic. Frontiers Research Topics are very popular trademarks of the Frontiers Journals Series: they are collections of at least ten articles, all centered on a particular subject. With their unique mix of varied contributions from Original Research to Review Articles, Frontiers Research Topics unify the most influential researchers, the latest key findings and historical advances in a hot research area! Find out more on how to host your own Frontiers Research Topic or contribute to one as an author by contacting the Frontiers Editorial Office: frontiersin.org/about/contact 606 $aBotany and plant sciences$2bicssc 606 $aScience: general issues$2bicssc 610 $aabiotic stress 610 $acarbon balance 610 $acrosstalk 610 $adrought 610 $alight 610 $aosmotic stress 610 $aphotoinhibition 610 $atemperature 615 7$aBotany and plant sciences 615 7$aScience: general issues 700 $aJanda$b Tibor$4edt$01283270 702 $aHideg$b Éva$4edt 702 $aVankova$b Radomira$4edt 702 $aJanda$b Tibor$4oth 702 $aHideg$b Éva$4oth 702 $aVankova$b Radomira$4oth 906 $aBOOK 912 $a9910557254503321 996 $aThe Role of Light in Abiotic Stress Acclimation$93019780 997 $aUNINA